[Event "World Blitz 2016"]
[Site "Doha QAT"]
[Date "2016.12.29"]
[Round "8.32"]
[White "Debashis, Das"]
[Black "Jakovenko, Dmitry"]
[Result "0-1"]
[WhiteTitle "GM"]
[BlackTitle "GM"]
[WhiteElo "2472"]
[BlackElo "2704"]
[WhiteFideId "5024854"]
[BlackFideId "4122356"]
[EventDate "2016.12.29"]

1. d4 Nf6 2. c4 e6 3. Nc3 Bb4 4. e3 O-O 5. Bd3 d5 6. Nf3 b6 7. O-O Bb7 8. cxd5
exd5 9. a3 Bd6 10. b4 a6 11. Qb3 Qe7 12. Rb1 Re8 13. a4 Nc6 14. b5 Na5 15. Qc2
axb5 16. axb5 Nc4 17. Nxd5 Bxd5 18. Bxc4 Be4 19. Bd3 Bxf3 20. gxf3 Nd5 21. f4
Nb4 22. Qc4 Qh4 23. Kh1 Re6 24. Rb2 Qh3 25. f3 Nxd3 26. Qxd3 Ra1 27. Rg2 Rg6 28.
Rxg6 hxg6 29. Qe2 Qe6 30. Rd1 Qb3 31. Rg1 Ra2 32. Qf1 Qd5 33. Qh3 Ra8 34. f5
Qxf5 35. Qxf5 0-1

[Event "World Blitz 2016"]
[Site "Doha QAT"]
[Date "2016.12.29"]
[Round "8.33"]
[White "Zhigalko, Sergei"]
[Black "Ghaem Maghami, Ehsan"]
[Result "1-0"]
[WhiteTitle "GM"]
[BlackTitle "GM"]
[WhiteElo "2671"]
[BlackElo "2574"]
[WhiteFideId "13502956"]
[BlackFideId "12500739"]
[EventDate "2016.12.29"]

1. e4 c6 2. d4 d5 3. e5 Bf5 4. Nf3 e6 5. Be2 Nd7 6. O-O Rc8 7. Nbd2 h6 8. a4 Ne7
9. a5 g5 10. b4 Bg7 11. Nb3 O-O 12. Bd3 f6 13. exf6 Bxf6 14. Re1 g4 15. Ne5 Nxe5
16. dxe5 Bg7 17. Nc5 Qc7 18. Bxf5 Rxf5 19. Nxe6 Qd7 20. Nxg7 Kxg7 21. Qxg4+ Kh7
22. e6 Qd6 23. Qh4 h5 24. Bg5 1-0

[Event "World Blitz 2016"]
[Site "Doha QAT"]
[Date "2016.12.29"]
[Round "8.34"]
[White "Lalith, Babu M R"]
[Black "Moiseenko, Alexander"]
[Result "0-1"]
[WhiteTitle "GM"]
[BlackTitle "GM"]
[WhiteElo "2587"]
[BlackElo "2657"]
[WhiteFideId "5024595"]
[BlackFideId "14102560"]
[EventDate "2016.12.29"]

1. Nf3 Nf6 2. c4 e6 3. Nc3 d5 4. d4 Bb4 5. Qa4+ Nc6 6. e3 O-O 7. Bd2 Bd7 8. Qc2
dxc4 9. Bxc4 Bd6 10. O-O e5 11. dxe5 Nxe5 12. Nxe5 Bxe5 13. f4 Bd6 14. Rae1 a6
15. Bd3 Re8 16. Kh1 Bc6 17. Bc1 Bc5 18. e4 Ng4 19. Bc4 Nxh2 20. g3 Nxf1 21. Rxf1
Qd4 22. Bd3 Rad8 23. Rd1 Bb4 24. Kg2 Bxc3 0-1

[Event "World Blitz 2016"]
[Site "Doha QAT"]
[Date "2016.12.29"]
[Round "8.35"]
[White "Amin, Bassem"]
[Black "Najer, Evgeniy"]
[Result "0-1"]
[WhiteTitle "GM"]
[BlackTitle "GM"]
[WhiteElo "2662"]
[BlackElo "2679"]
[WhiteFideId "10601457"]
[BlackFideId "4118987"]
[EventDate "2016.12.29"]

1. Nf3 d5 2. g3 g6 3. Bg2 Bg7 4. O-O e5 5. d3 Ne7 6. e4 Nbc6 7. Nbd2 O-O 8. Re1
h6 9. c3 a5 10. a4 Be6 11. exd5 Bxd5 12. Nf1 Qd7 13. Ne3 Be6 14. Nc4 f6 15. Na3
Rad8 16. d4 exd4 17. Nxd4 Nxd4 18. Qxd4 Nd5 19. c4 Nb4 20. Qxd7 Bxd7 21. Bxb7 g5
22. Bf3 f5 23. Rb1 Bxa4 24. Be3 Bb3 25. Nb5 Bxc4 26. Bc5 Bxb5 27. Bxf8 Bxf8 28.
Rbc1 c6 29. Rcd1 Rxd1 30. Rxd1 Kf7 31. Rd7+ Be7 32. b3 Ke6 33. Ra7 Bd8 34. Rh7
g4 35. Rxh6+ Ke5 36. Bd1 Bg5 37. Rh5 Kf6 38. h4 Bd2 39. Rh8 Nd5 40. Bc2 Bb4 41.
Rh6+ Ke5 42. Rg6 Ne7 43. Rg5 Kf6 44. Rh5 Bc3 45. Rh8 Kf7 46. Ra8 Bb4 47. h5 Kg7
48. Rb8 Kh6 49. Rh8+ Kg7 50. Re8 Kf7 51. Rb8 Bd2 52. Rb7 Kf6 53. Rd7 Bg5 54.
Rd6+ Kf7 55. h6 f4 56. h7 Kg7 57. gxf4 Bh4 58. Rh6 0-1

[Event "World Blitz 2016"]
[Site "Doha QAT"]
[Date "2016.12.29"]
[Round "8.37"]
[White "Neelotpal, Das"]
[Black "Fressinet, Laurent"]
[Result "1-0"]
[WhiteTitle "GM"]
[BlackTitle "GM"]
[WhiteElo "2463"]
[BlackElo "2672"]
[WhiteFideId "5003512"]
[BlackFideId "608742"]
[EventDate "2016.12.29"]

1. c4 Nf6 2. g3 e5 3. Bg2 c6 4. d4 e4 5. d5 Bb4+ 6. Bd2 Qe7 7. Nc3 O-O 8. Nh3
cxd5 9. cxd5 Na6 10. O-O h6 11. a3 Bd6 12. Nb5 Be5 13. d6 Qd8 14. Bc3 Re8 15.
Qd2 b6 16. b4 Bb7 17. Rac1 Bc6 18. Bxe5 Rxe5 19. Nd4 Rc8 20. Qb2 Rd5 21. Nf4
Rxd6 22. Nf5 Re6 23. b5 Re5 24. Qxe5 1-0

[Event "World Blitz 2016"]
[Site "Doha QAT"]
[Date "2016.12.29"]
[Round "8.38"]
[White "Jumabayev, Rinat"]
[Black "Tari, Aryan"]
[Result "0-1"]
[WhiteTitle "GM"]
[BlackTitle "GM"]
[WhiteElo "2611"]
[BlackElo "2584"]
[WhiteFideId "13702661"]
[BlackFideId "1510045"]
[EventDate "2016.12.29"]

1. Nf3 d5 2. g3 g6 3. Bg2 Bg7 4. c4 dxc4 5. Na3 Nc6 6. Nxc4 e5 7. d3 e4 8. dxe4
Qxd1+ 9. Kxd1 Nf6 10. Nfd2 Be6 11. e3 O-O-O 12. Ke2 Nb4 13. a3 Nd3 14. h3 Nd7
15. Rb1 N7c5 16. b3 Rd7 17. a4 Nb4 18. Ba3 Ncd3 19. f4 Na2 20. Nd6+ Rxd6 21.
Bxd6 Rd8 22. e5 cxd6 23. Kxd3 dxe5+ 24. Kc2 exf4 25. Rbd1 fxe3 26. Ne4 Nb4+ 27.
Kc1 Nd3+ 28. Kc2 Nb4+ 29. Kc1 Bxb3 30. Rxd8+ Kxd8 31. Nc5 Bc4 32. Rd1+ Ke7 33.
Rd7+ Kf6 34. Rd4 Bh6 35. Kd1 e2+ 0-1

[Event "World Blitz 2016"]
[Site "Doha QAT"]
[Date "2016.12.29"]
[Round "8.39"]
[White "Inarkiev, Ernesto"]
[Black "Quintiliano Pinto, Renato R."]
[Result "1-0"]
[WhiteTitle "GM"]
[BlackTitle "IM"]
[WhiteElo "2709"]
[BlackElo "2484"]
[WhiteFideId "4162722"]
[BlackFideId "2117568"]
[EventDate "2016.12.29"]

1. d4 d5 2. c4 e6 3. Nf3 c6 4. e3 Nf6 5. b3 Nbd7 6. Bb2 Bd6 7. Nbd2 O-O 8. Bd3
Qe7 9. Ne5 c5 10. O-O b6 11. f4 cxd4 12. exd4 Bb7 13. Qe2 Rfe8 14. Qe3 Rac8 15.
Rae1 Ba3 16. Ba1 Bb4 17. Re2 Nf8 18. f5 exf5 19. Bxf5 Rcd8 20. Ndf3 dxc4 21.
bxc4 Bxf3 22. Qxf3 Bd6 23. Bc2 Qc7 24. Bb3 Ne6 25. Qf5 Bf8 26. c5 bxc5 27. Nxf7
Nxd4 28. Nxd8+ c4 29. Bxd4 Rxe2 30. Bxf6 cxb3 31. Qd5+ 1-0

[Event "World Blitz 2016"]
[Site "Doha QAT"]
[Date "2016.12.29"]
[Round "8.40"]
[White "Grandelius, Nils"]
[Black "Gholami, Aryan"]
[Result "1/2-1/2"]
[WhiteTitle "GM"]
[BlackTitle "IM"]
[WhiteElo "2643"]
[BlackElo "2422"]
[WhiteFideId "1710400"]
[BlackFideId "12513342"]
[EventDate "2016.12.29"]

1. d4 Nf6 2. Nc3 d5 3. Bf4 e6 4. Nb5 Na6 5. e3 Be7 6. Nf3 c6 7. Nc3 Nc7 8. Bd3
O-O 9. e4 dxe4 10. Nxe4 Ncd5 11. Bd2 Nxe4 12. Bxe4 Nf6 13. Bd3 b6 14. Qe2 Bb7
15. O-O-O Qc7 16. Ne5 c5 17. dxc5 Qxc5 18. f4 Rac8 19. Kb1 Rfd8 20. Rhe1 Bd5 21.
g4 Nd7 22. Nxd7 Rxd7 23. f5 Qc6 24. fxe6 Bxe6 25. Bc3 Qa4 26. b3 Qxg4 27. Qxg4
Bxg4 28. Bxh7+ Kxh7 29. Rxd7 Bxd7 30. Rxe7 Be6 31. Kb2 a6 32. Ra7 a5 33. Bd4 Rc6
34. Ra6 Rd6 35. Be3 Rd5 36. Rxb6 Re5 37. Bf4 Re2 38. Rb5 a4 39. bxa4 Re4 40. Bg3
Rxa4 41. a3 Kg6 42. Rb4 Ra6 43. a4 Bd7 44. Kb3 f5 45. c4 Be6 46. Rb5 Kf7 47. Kb4
g5 48. h4 f4 49. Bh2 f3 50. Bg3 gxh4 51. Bxh4 Bxc4 52. Rf5+ Kg6 53. Rxf3 Be6 54.
Rf6+ Kh5 55. Bf2 Kg5 56. Bd4 Bc8 57. Rf8 Bf5 58. a5 Bd3 59. Bb6 Kg6 60. Kc5 Be2
61. Bc7 Bd3 62. Rf4 Be2 63. Rd4 Ra8 64. Bb6 Re8 65. Kc6 Re6+ 66. Kb7 Kf5 67. a6
Bxa6+ 68. Kxa6 Re5 1/2-1/2

[Event "World Blitz 2016"]
[Site "Doha QAT"]
[Date "2016.12.29"]
[Round "8.42"]
[White "Xu, Yi"]
[Black "Borisek, Jure"]
[Result "0-1"]
[WhiteTitle "IM"]
[BlackTitle "GM"]
[WhiteElo "2430"]
[BlackElo "2561"]
[WhiteFideId "8605564"]
[BlackFideId "14603152"]
[EventDate "2016.12.29"]

1. e4 e5 2. Nf3 Nc6 3. Bc4 Bc5 4. O-O Nf6 5. d3 d6 6. a4 a6 7. c3 h6 8. Re1 O-O
9. h3 Be6 10. Nbd2 Re8 11. Bxe6 Rxe6 12. Nc4 d5 13. exd5 Qxd5 14. Be3 Bf8 15.
Qe2 Rd8 16. Rad1 b5 17. axb5 axb5 18. Na3 Bxa3 19. bxa3 Qb3 20. Rb1 Qxc3 21.
Rxb5 Qxa3 22. Rd1 Qa4 23. Rbb1 Red6 24. Rdc1 Rxd3 25. Rxc6 Qxc6 26. Nxe5 Qd5 27.
Nxd3 Qxd3 28. Qb2 Nd5 29. Bd4 Nf4 30. Be5 Ne6 31. Rc1 c5 32. Rc3 Qf5 33. Rf3
Rd1+ 34. Kh2 Qb1 35. Qxb1 Rxb1 36. Rc3 Rd1 37. Bb8 Kf8 38. Ba7 Rd5 39. Kg3 Ke7
40. Kf3 Kd6 41. Ke3 Kc6 42. Bb8 Rd8 43. Be5 f6 44. Bg3 Nd4 45. Rc1 Rd7 46. Bh2
Nb3 47. Rc3 Na5 48. Ke4 c4 49. Kf5 Kb5 50. Bf4 Nb3 51. Kg6 Kb4 52. Re3 c3 53.
Re8 Kc4 54. Rc8+ Kd3 55. Rb8 Nd2 56. Rc8 c2 57. h4 Rd4 58. Be3 Rd7 59. h5 Nc4
60. Bf4 Kc3 61. g4 Rd4 62. Be3 Rxg4+ 63. Kh7 Rg2 64. Kh8 Rxf2 65. Kh7 Rf3 66.
Bc1 Rf1 67. Be3 Kd3 68. Kxg7 Nxe3 69. Kxh6 c1=Q 70. Rxc1 Rxc1 71. Kg6 f5 72. h6
Rh1 0-1

[Event "World Blitz 2016"]
[Site "Doha QAT"]
[Date "2016.12.29"]
[Round "8.43"]
[White "Quparadze, Giga"]
[Black "Hirneise, Tobias"]
[Result "1-0"]
[WhiteTitle "IM"]
[BlackTitle "IM"]
[WhiteElo "2481"]
[BlackElo "2466"]
[WhiteFideId "13602250"]
[BlackFideId "24600881"]
[EventDate "2016.12.29"]

1. e4 e5 2. Nf3 Nc6 3. Bc4 Bc5 4. c3 Nf6 5. d3 d6 6. O-O a6 7. Bb3 Ba7 8. Nbd2
h6 9. h3 g5 10. Nh2 g4 11. hxg4 Rg8 12. Qf3 Qe7 13. Nc4 Nxg4 14. Ne3 Bxe3 15.
fxe3 Be6 16. Nxg4 Rxg4 17. d4 Na5 18. Bxe6 Qxe6 19. b3 Qg6 20. d5 O-O-O 21. Qf5+
Kb8 22. Qxg6 fxg6 23. c4 b6 24. Rf6 Nb7 25. Ba3 Rg8 26. Raf1 Rxe4 27. Rf8+ Rxf8
28. Rxf8+ Ka7 29. Kf2 Rg4 30. Rc8 b5 31. Rxc7 Kb8 32. Rc6 bxc4 33. bxc4 a5 34.
Kf3 Rh4 35. Bxd6+ Nxd6 36. Rxd6 Rxc4 37. Rxg6 Ra4 38. Rxh6 Rxa2 39. g4 a4 40. g5
Ra1 41. Ke4 a3 42. Ra6 Kb7 43. Ra4 Kb6 44. g6 Kb5 45. g7 1-0

[Event "World Blitz 2016"]
[Site "Doha QAT"]
[Date "2016.12.29"]
[Round "8.44"]
[White "Potapov, Pavel"]
[Black "Aleksandrov, Aleksej"]
[Result "1-0"]
[WhiteTitle "GM"]
[BlackTitle "GM"]
[WhiteElo "2493"]
[BlackElo "2574"]
[WhiteFideId "4169786"]
[BlackFideId "13500139"]
[EventDate "2016.12.29"]

1. e4 e5 2. Nf3 Nc6 3. Nc3 Nf6 4. d4 exd4 5. Nxd4 Bb4 6. Nxc6 bxc6 7. Bd3 O-O 8.
O-O Re8 9. Qf3 Bd6 10. Bf4 Bxf4 11. Qxf4 d6 12. Rad1 Nd7 13. Qg3 Nc5 14. Bc4 Qf6
15. Rfe1 Be6 16. e5 dxe5 17. Qxe5 Qxe5 18. Rxe5 Bd5 19. Rxe8+ Rxe8 20. Nxd5 cxd5
21. Bxd5 Kf8 22. Kf1 Rd8 23. Bf3 Rb8 24. b3 Ke7 25. Rd5 Ne6 26. Ra5 Rd8 27. Ke1
Nd4 28. Be4 Rd6 29. Bd3 Nc6 30. Rc5 Kd8 31. a3 g6 32. f3 Nd4 33. Kd2 Ne6 34. Ra5
Nf4 35. g3 Nxd3 36. cxd3 a6 37. b4 Rb6 38. Re5 Kd7 39. Kc3 Rc6+ 40. Rc5 Re6 41.
Kd2 Rb6 42. d4 h5 43. Kd3 Re6 44. Re5 Rc6 45. Rd5+ Kc8 46. Ra5 Kb7 47. Rc5 Rd6
48. Re5 Kc8 49. Re7 Rf6 50. f4 Kd8 51. Re5 Kd7 52. d5 Rb6 53. Kc4 Rb8 54. a4 Kd6
55. Re1 Rb6 56. b5 axb5+ 57. axb5 Rb8 58. Ra1 Re8 59. Ra6+ Kd7 60. Rf6 Ke7 61.
Rc6 Kd7 62. b6 cxb6 63. Rxb6 Rc8+ 64. Kd4 Rc2 65. Ke5 Rxh2 66. Rb7+ Ke8 67. Kf6
Rg2 68. Re7+ Kd8 69. Rxf7 Rxg3 70. Rh7 Rf3 71. Ke5 Ra3 72. Rh6 Ke7 73. Rxg6 Re3+
74. Kd4 Rf3 75. Ke4 Rf1 76. Rh6 Rh1 77. Ke5 Re1+ 78. Kf5 Rh1 79. Rh7+ Kd6 80.
Kg5 Rg1+ 81. Kf6 Rh1 82. Kg5 Rg1+ 83. Kxh5 Kxd5 84. Re7 Kd6 85. Re2 Rg8 86. f5
Kd7 87. f6 Re8 88. Rxe8 Kxe8 89. Kg6 1-0

[Event "World Blitz 2016"]
[Site "Doha QAT"]
[Date "2016.12.29"]
[Round "8.45"]
[White "Al-Sayed, Mohammed"]
[Black "Kayumov, Sergey"]
[Result "1-0"]
[WhiteTitle "GM"]
[BlackTitle "GM"]
[WhiteElo "2508"]
[BlackElo "2505"]
[WhiteFideId "12100196"]
[BlackFideId "14200880"]
[EventDate "2016.12.29"]

1. d4 Nf6 2. Nf3 e6 3. Bg5 Be7 4. Nbd2 h6 5. Bxf6 Bxf6 6. e3 O-O 7. Bd3 b6 8.
Qe2 c5 9. c3 Bb7 10. O-O-O a5 11. h4 a4 12. a3 cxd4 13. exd4 b5 14. g4 Be7 15.
g5 h5 16. g6 fxg6 17. Bxg6 Qc7 18. Kb1 Rf6 19. Ne5 Bxa3 20. Qxh5 Rxg6 21. Qxg6
d5 22. Qxe6+ Kh7 23. Ndf3 Ra6 24. Ng5+ Kh8 25. Ng6# 1-0

[Event "World Blitz 2016"]
[Site "Doha QAT"]
[Date "2016.12.29"]
[Round "8.46"]
[White "Shytaj, Luca"]
[Black "Zhang, Zhong"]
[Result "1/2-1/2"]
[WhiteTitle "IM"]
[BlackTitle "GM"]
[WhiteElo "2435"]
[BlackElo "2645"]
[WhiteFideId "812633"]
[BlackFideId "8600694"]
[EventDate "2016.12.29"]

1. b3 g6 2. Bb2 Nf6 3. Bxf6 exf6 4. c4 f5 5. Nc3 Bg7 6. g3 O-O 7. Bg2 d6 8. e3
c6 9. Rc1 a5 10. Nge2 Na6 11. d4 Re8 12. O-O Bd7 13. Nf4 Nc7 14. h4 Ne6 15. Nxe6
fxe6 16. e4 f4 17. Ne2 fxg3 18. fxg3 e5 19. d5 a4 20. dxc6 Bxc6 21. Rc3 axb3 22.
axb3 Qb6+ 23. Kh1 Qc5 24. Rd3 Rad8 25. Nc3 Rf8 26. Rxf8+ Bxf8 27. Nd5 Ra8 28.
Qf1 Bxd5 29. Rxd5 Qe3 30. Rd3 Qh6 31. Bh3 Be7 32. Rf3 Rf8 33. Be6+ Kh8 34. Rf7
Rxf7 35. Qxf7 Qf8 36. Kg2 Qxf7 37. Bxf7 Kg7 38. Bd5 b6 39. Kf3 h5 40. Be6 Kf6
41. Bd7 Bd8 42. Be8 Kg7 43. Ke2 Kh6 44. Kd3 g5 45. hxg5+ Bxg5 46. Bd7 Bc1 47.
Ke2 Kg5 48. Kf3 Ba3 1/2-1/2

[Event "World Blitz 2016"]
[Site "Doha QAT"]
[Date "2016.12.29"]
[Round "8.47"]
[White "Pantsulaia, Levan"]
[Black "Sanal, Vahap"]
[Result "1-0"]
[WhiteTitle "GM"]
[BlackTitle "GM"]
[WhiteElo "2607"]
[BlackElo "2474"]
[WhiteFideId "13602071"]
[BlackFideId "6300545"]
[EventDate "2016.12.29"]

1. c4 Nf6 2. Nf3 e6 3. g3 d5 4. Bg2 Be7 5. O-O O-O 6. b3 b6 7. cxd5 exd5 8. d4
Re8 9. Nc3 a6 10. Bb2 Bd6 11. Ne5 Bb7 12. f4 Nbd7 13. e3 Nf8 14. Rc1 Rc8 15. Qe2
c5 16. Rfd1 cxd4 17. exd4 Ne6 18. Kh1 b5 19. h3 Qb6 20. Kh2 Qa7 21. Qd3 Qb6 22.
Rc2 Rc7 23. Re2 Rce7 24. Rde1 Qa7 25. Rd1 h5 26. Bf3 h4 27. Bg4 Nxg4+ 28. hxg4
b4 29. Na4 hxg3+ 30. Kxg3 f6 31. Rh1 fxe5 32. Qh7+ Kf7 33. fxe5 Nxd4 34. Rf2+
Ke6 35. Qg6+ Kd7 36. Qxd6+ Kc8 37. Nb6+ 1-0

[Event "World Blitz 2016"]
[Site "Doha QAT"]
[Date "2016.12.29"]
[Round "8.48"]
[White "Tissir, Mohamed"]
[Black "Maghsoodloo, Parham"]
[Result "0-1"]
[WhiteTitle "IM"]
[BlackTitle "GM"]
[WhiteElo "2376"]
[BlackElo "2584"]
[WhiteFideId "9000240"]
[BlackFideId "12539929"]
[EventDate "2016.12.29"]

1. e4 g6 2. d4 Bg7 3. Nf3 d6 4. Nc3 Nf6 5. Be3 c6 6. h3 b5 7. Bd3 O-O 8. Qd2
Nbd7 9. O-O Bb7 10. e5 Ne8 11. exd6 exd6 12. Bh6 a6 13. Ne4 Qc7 14. Bf4 Rd8 15.
Rfe1 c5 16. c3 Qb6 17. Rad1 Ndf6 18. Bg5 Rd7 19. Qf4 Nd5 20. Qh4 c4 21. Bb1 f6
22. Bh6 Qd8 23. Bxg7 Rxg7 24. Qg3 Rff7 25. Ned2 Re7 26. Qh4 Rxe1+ 27. Rxe1 Re7
28. Ne4 f5 29. Neg5 Rxe1+ 30. Nxe1 Qe7 31. Nef3 Nef6 32. Qh6 Bc8 33. Kf1 a5 34.
Bc2 Bd7 35. g3 b4 36. Kg2 bxc3 37. bxc3 Nxc3 38. Qh4 Ncd5 39. a4 Kg7 40. Nd2 Nb4
41. Bd1 h6 42. Ngf3 Bc6 43. Kf1 c3 44. Nc4 c2 45. Bxc2 Nxc2 46. Nxa5 Bxf3 0-1

[Event "World Blitz 2016"]
[Site "Doha QAT"]
[Date "2016.12.29"]
[Round "8.49"]
[White "Saeed, Ishaq"]
[Black "Perez Ponsa, Federico"]
[Result "1-0"]
[WhiteTitle "FM"]
[BlackTitle "GM"]
[WhiteElo "2312"]
[BlackElo "2585"]
[WhiteFideId "9301453"]
[BlackFideId "117927"]
[EventDate "2016.12.29"]

1. d4 Nf6 2. Nf3 e6 3. c4 d5 4. e3 a6 5. Nbd2 Be7 6. Bd3 O-O 7. O-O c5 8. dxc5
Bxc5 9. a3 a5 10. b3 Nc6 11. Bb2 Qe7 12. Qc2 dxc4 13. Nxc4 h6 14. Nfe5 Nxe5 15.
Nxe5 b6 16. Nc6 Qc7 17. Bxf6 gxf6 18. Nd4 Qd6 19. Be4 Bxd4 20. exd4 Ra7 21. Rfd1
Rc7 22. Qd2 Kg7 23. Qe3 f5 24. Bf3 Rd8 25. d5 e5 26. h3 Bb7 27. Rd2 Rc5 28. Rad1
e4 29. Be2 Qe5 30. Bc4 Rd6 31. a4 Rc8 32. f3 Re8 33. fxe4 fxe4 34. Rf1 Re7 35.
Rdf2 Bxd5 36. Rf5 Qe6 37. Qg3+ Qg6 38. Qxg6+ fxg6 39. Rxd5 Rc6 40. Re1 h5 41.
Re3 Rf6 42. Rd4 Rf4 43. g3 Rf6 44. Rdxe4 Rxe4 45. Rxe4 Rf3 46. Kg2 Rc3 47. h4
Rc2+ 48. Re2 Rc3 49. Re6 Rc2+ 50. Kh3 Rd2 51. Rxb6 Rf2 52. Rb5 Kf6 53. Rxa5 Rb2
54. Rd5 Kg7 55. a5 Ra2 56. a6 g5 57. hxg5 h4 58. Kxh4 Kh7 59. Rd7+ Kh8 60. Rd6
Kg7 61. Kg4 Kh7 62. Rh6+ Kg7 63. Rc6 Kh7 64. Bd3+ Kg7 65. Rc7+ Kg8 66. a7 Ra5
67. Rc8+ Kg7 68. a8=Q 1-0

[Event "World Blitz 2016"]
[Site "Doha QAT"]
[Date "2016.12.29"]
[Round "8.50"]
[White "Gashimov, Sarkhan"]
[Black "Venkatesh, M.R."]
[Result "0-1"]
[BlackTitle "GM"]
[WhiteElo "2351"]
[BlackElo "2439"]
[WhiteFideId "13400657"]
[BlackFideId "5005779"]
[EventDate "2016.12.29"]

1. Nf3 Nf6 2. b3 g6 3. Bb2 Bg7 4. g3 d6 5. d4 Nbd7 6. Bg2 O-O 7. O-O c6 8. a4
Qc7 9. Nbd2 Rd8 10. e4 e5 11. dxe5 Nxe5 12. Nxe5 dxe5 13. Qe2 h6 14. Nc4 Ne8 15.
Rad1 Be6 16. Ne3 a6 17. Rxd8 Rxd8 18. Rd1 b5 19. Ra1 Qb6 20. h3 h5 21. Qe1 h4
22. gxh4 Bf6 23. axb5 axb5 24. Qa5 Qxa5 25. Rxa5 b4 26. h5 gxh5 27. Bxe5 Be7 28.
Bb2 h4 29. Rh5 Ng7 30. Ra5 Rd2 31. Ra1 Bc5 32. Ra5 Bxe3 33. fxe3 Rxc2 34. Bd4
Bxb3 35. Rg5 Be6 36. Bxg7 b3 37. Bf1 Kh7 38. Bd3 Rd2 39. Bf1 b2 40. Bxb2 Rxb2
41. Rh5+ Kg6 42. Rxh4 c5 43. e5 Kf5 44. Rf4+ Kxe5 45. h4 Rb1 46. Kf2 Rb2+ 47.
Kg3 Rb3 48. Kf2 Rb8 49. Bd3 Rh8 50. Bc2 c4 51. Re4+ Kd6 52. Rd4+ Kc5 53. Kg3 c3
54. Bd3 Rg8+ 55. Kf4 Rg2 56. Ke5 c2 57. Bxc2 Rxc2 58. Kf6 Rh2 59. Rf4 Kd5 60.
Kg5 Rg2+ 61. Kf6 Rg6+ 62. Ke7 Ke5 63. Kf8 Rg3 64. h5 Rh3 65. Ke7 Rxh5 66. Ra4
Rh3 67. Ra3 Ke4 68. Ra4+ Kf3 69. Kf6 Rh5 70. Ra3 Rf5+ 71. Ke7 Re5 72. Kf6 Rxe3
73. Ra1 Ke4 74. Kg5 Rg3+ 75. Kf6 Rg6+ 76. Ke7 Rg3 77. Ra4+ Kf5 78. Ra5+ Kg6 79.
Ra6 Re3 80. Rb6 f5 81. Rb4 Kg5 82. Kd6 f4 83. Rb5+ Kg4 84. Rb4 Kg3 85. Rb8 f3
86. Rb7 f2 87. Rg7+ Kf3 88. Rg6 f1=Q 89. Rf6+ Kg2 90. Rxf1 Kxf1 0-1

[Event "World Blitz 2016"]
[Site "Doha QAT"]
[Date "2016.12.29"]
[Round "8.51"]
[White "Henriquez Villagra, Cristobal"]
[Black "Stratonowitsch, Andre"]
[Result "1-0"]
[WhiteTitle "IM"]
[WhiteElo "2517"]
[BlackElo "2138"]
[WhiteFideId "3409350"]
[BlackFideId "24613959"]
[EventDate "2016.12.29"]

1. e4 c5 2. Nf3 e6 3. d4 cxd4 4. Nxd4 Nc6 5. Nb5 d6 6. c4 Nf6 7. N1c3 a6 8. Na3
Qc7 9. Be2 g6 10. O-O Bg7 11. Bf4 Ne5 12. Nab5 axb5 13. Nxb5 Qc5 14. Qxd6 Qxd6
15. Nxd6+ Ke7 16. Bxe5 Bd7 17. Nxb7 Ne8 18. Bxg7 Nxg7 19. Nc5 Bc6 20. b4 Nh5 21.
Bxh5 gxh5 22. b5 1-0

[Event "World Blitz 2016"]
[Site "Doha QAT"]
[Date "2016.12.29"]
[Round "8.52"]
[White "Christiansen, Johan-Sebastian"]
[Black "Atabayev, Yusup"]
[Result "0-1"]
[WhiteTitle "IM"]
[BlackTitle "IM"]
[WhiteElo "2429"]
[BlackElo "2473"]
[WhiteFideId "1512668"]
[BlackFideId "14001128"]
[EventDate "2016.12.29"]

1. Nf3 c5 2. c4 Nf6 3. g3 Nc6 4. Bg2 d5 5. cxd5 Nxd5 6. Nc3 Nc7 7. d3 e5 8. Nd2
Bd7 9. Nc4 f6 10. O-O Be7 11. f4 exf4 12. Bxf4 Ne6 13. Bd6 O-O 14. Bxe7 Qxe7 15.
Nd5 Qd8 16. Rc1 Kh8 17. e3 b6 18. Nd6 Qb8 19. Nf5 Qe5 20. Kh1 Ng5 21. d4 Qb8 22.
dxc5 Qe5 23. Nd4 bxc5 24. Rxc5 Qd6 25. Rc1 Ne5 26. Nf4 Rab8 27. b3 Ng4 28. Qd2
Rfe8 29. Rce1 Ne4 30. Qe2 Ng5 31. Nc2 Ne5 32. Rd1 Qc5 33. Rd5 Qc7 34. Nd4 Bc8
35. Rb5 Rxb5 36. Qxb5 Bd7 37. Qd5 Ng4 38. Re1 Nxe3 39. Qb7 Qc3 40. Rg1 Qxd4 41.
h4 Nf7 42. Bd5 Nxd5 43. Qxd7 Rd8 44. Qxf7 Qe4+ 45. Kh2 Ne3 46. Kh3 Qf5+ 47. Kh2
Rd2+ 48. Rg2 Ng4+ 49. Kh3 Nh6+ 50. g4 Qd3+ 51. Nxd3 Rxd3+ 52. Kh2 Nxf7 53. Re2
Ne5 54. Rc2 h6 55. g5 hxg5 56. hxg5 Nf3+ 57. Kg2 Nxg5 58. a4 Rxb3 0-1

[Event "World Blitz 2016"]
[Site "Doha QAT"]
[Date "2016.12.29"]
[Round "8.53"]
[White "khayat, Abdullah F"]
[Black "Darini, Pouria"]
[Result "0-1"]
[BlackTitle "GM"]
[WhiteElo "1732"]
[BlackElo "2511"]
[WhiteFideId "21500460"]
[BlackFideId "12502200"]
[EventDate "2016.12.29"]

1. c4 Nf6 2. d4 g6 3. Nc3 d5 4. c5 Bg7 5. e3 O-O 6. Bd3 b6 7. b4 a5 8. cxb6 axb4
9. bxc7 Qxc7 10. Nce2 Ne4 11. Qc2 Qa5 12. Qb3 Nc5 13. dxc5 Bxa1 14. Nf3 Qxa2 15.
Qxa2 Rxa2 16. O-O Ba6 17. Bxa6 Nxa6 18. Ned4 Nxc5 19. Bd2 Bc3 20. Bxc3 bxc3 21.
Rc1 Rfa8 22. h3 Ra1 23. Rxa1 Rxa1+ 24. Kh2 f6 25. Nc2 Ra2 26. Nfd4 e5 27. Nb4
Rxf2 28. Kg3 Rb2 29. Nxd5 exd4 30. exd4 c2 0-1

[Event "World Blitz 2016"]
[Site "Doha QAT"]
[Date "2016.12.29"]
[Round "9.2"]
[White "Yu, Yangyi"]
[Black "Karjakin, Sergey"]
[Result "1/2-1/2"]
[WhiteTitle "GM"]
[BlackTitle "GM"]
[WhiteElo "2729"]
[BlackElo "2785"]
[WhiteFideId "8603820"]
[BlackFideId "14109603"]
[EventDate "2016.12.29"]

1. e4 e5 2. Nf3 Nc6 3. Bb5 Nf6 4. O-O Nxe4 5. Re1 Nd6 6. Nxe5 Be7 7. Bf1 Nxe5 8.
Rxe5 O-O 9. d4 Bf6 10. Re1 Re8 11. c3 Rxe1 12. Qxe1 Ne8 13. Bf4 d5 14. Nd2 1/2-1/2

[Event "World Blitz 2016"]
[Site "Doha QAT"]
[Date "2016.12.29"]
[Round "9.3"]
[White "Morozevich, Alexander"]
[Black "Anand, Viswanathan"]
[Result "1-0"]
[WhiteTitle "GM"]
[BlackTitle "GM"]
[WhiteElo "2676"]
[BlackElo "2779"]
[WhiteFideId "4116992"]
[BlackFideId "5000017"]
[EventDate "2016.12.29"]

1. e4 e5 2. Nf3 Nc6 3. d4 exd4 4. Nxd4 Nf6 5. Nxc6 bxc6 6. e5 Qe7 7. Qe2 Nd5 8.
h4 f6 9. c4 Nb6 10. exf6 Qxe2+ 11. Bxe2 gxf6 12. O-O Ba6 13. Bh5+ Kd8 14. b3 Bd6
15. Nd2 Be5 16. Rb1 c5 17. Nf3 d6 18. Nxe5 fxe5 19. f4 exf4 20. Rxf4 Nd7 21. Bb2
Rf8 22. Rxf8+ Nxf8 23. Rf1 Ne6 24. Rf7 1-0